AKALANK'S THE DRUGS AND COSMETICS ACT, 1940 AND THE DRUGS AND COSMETICS RULES,1945 WITH CASE LAW (Record no. 35050)

MARC details
000 -LEADER
fixed length control field 00526nam a22001697a 4500
003 - CONTROL NUMBER IDENTIFIER
control field SGT
082 ## - DEWEY DECIMAL CLASSIFICATION NUMBER
Classification number 615
Item number A95A
100 ## - MAIN ENTRY--PERSONAL NAME
Personal name AKALANK PUBLICATION
245 ## - TITLE STATEMENT
Title AKALANK'S THE DRUGS AND COSMETICS ACT, 1940 AND THE DRUGS AND COSMETICS RULES,1945 WITH CASE LAW
250 ## - EDITION STATEMENT
Edition statement 2ND
260 ## - PUBLICATION, DISTRIBUTION, ETC. (IMPRINT)
Place of publication, distribution, etc DELHI
Name of publisher, distributor, etc AKALANK PUBLICATION
Year of Publication 1995
300 ## - PAGE DESCRIPTION
No. of Pages 307
650 ## - SUBJECT ADDED ENTRY--TOPICAL TERM
Topical term or geographic name as entry element PHARMACY
653 ## - KEYWORDS--INDEX TERM
Keyword term AKALANK'S THE DRUGS AND COSMETICS ACT, 1940 AND THE DRUGS AND COSMETICS RULES,1945 WITH CASE LAW
942 ## - ADDED ENTRY ELEMENTS (KOHA)
Source of classification or shelving scheme Dewey Decimal Classification
Koha item type Books
Holdings
Withdrawn status Lost status Source of classification or shelving scheme Damaged status Use restrictions Not for loan Collection code Home library Current library Shelving location Date acquired Vendor Name Cost, normal purchase price SGTU Total Checkouts Full call number Accession No. (Barcode) Date last seen Bill Date Koha item type
    Dewey Decimal Classification   Restricted Access   PHARMACY SGT FA-FP Library SGT FA-FP Library On Display 03/07/2026 SGT UNIVERSITY Dr. ATUL NASA 200.00 SGTU   615 A95A FP5702G 03/07/2026 03/07/2026 Books